| 000 | 00475nam a2200169Ia 4500 | ||
|---|---|---|---|
| 003 | LDD | ||
| 008 | 190117s9999 xx 000 0 und d | ||
| 020 | _c₹40 | ||
| 040 | _cLDD | ||
| 041 | _ahi | ||
| 082 | _a8H0.9 वि5926सा | ||
| 100 | _aविमल | ||
| 245 | 0 |
_aसाहित्य-सृजन और जनाकांक्षाएं _cविमल |
|
| 260 |
_aबीकानेर _bधरती _c1987 |
||
| 300 | _a120प्र. | ||
| 942 |
_2ddc _cH |
||
| 999 |
_c170082 _d170082 |
||